000 00233nam a22000857a 4500
999 _c2880
_d2880
008 190403e1983 mx ||||| |||| 00| 0 spa d
245 1 _aTratado de Medicina Interna de Cecil
_dVol.1
260 _aMexico
_bInteramericana
_c1983
500 _3Baja